[Event "Niederbayernliga 1011"]
[Site "Germany"]
[Date "2011.03.20"]
[Round "8.2"]
[White "Suess, Xaver"]
[Black "Stumpf, Stefan"]
[Result "0-1"]
[WhiteElo "1929"]
[BlackElo "1748"]
[PlyCount "62"]
[EventDate "2010.10.10"]
[EventType "team-tourn"]
[EventRounds "9"]
[EventCountry "GER"]
[SourceTitle "EXT 2012"]
[Source "ChessBase"]
[SourceDate "2011.11.24"]
[SourceVersion "1"]
[SourceVersionDate "2011.11.24"]
[SourceQuality "1"]
[WhiteTeam "Grafenau"]
[BlackTeam "Aham"]
[WhiteTeamCountry "GER"]
[BlackTeamCountry "GER"]

1. d4 e6 2. c4 b6 3. Nf3 Bb7 4. Nc3 Bb4 5. Bd2 Nf6 6. a3 Bxc3 7. Bxc3 d5 8. e3 Nbd7 9. Bd3 0-0 10. 0-0 c5 11. Qe2 Rc8 12. Rfd1 Qc7 13. dxc5 dxc4 14. Bxc4 Qxc5 15. Rd4 Rfe8 16. Bb4 Qh5 17. Bb5 Bxf3 18. gxf3 Qg6+ 19. Kh1 Rc2 20. Qd3 Qxd3 21. Rxd3 Ne5 22. Rd2 Rxd2 23. Bxe8 Rxf2 24. Bc6 Nxf3 25. Bxf3 Rxf3 26. Rc1 h6 27. Rc8+ Kh7 28. Rc7 a5 29. Bc3 Nd5 30. Rb7 Nxc3 31. bxc3 Rxe3 0-1

[Event "Niederbayernliga 1011"]
[Site "Germany"]
[Date "2010.11.14"]
[Round "3.3"]
[White "Stumpf, Stefan"]
[Black "Kreilinger, Erich"]
[Result "0-1"]
[WhiteElo "1748"]
[BlackElo "1853"]
[PlyCount "88"]
[EventDate "2010.10.10"]
[EventType "team-tourn"]
[EventRounds "9"]
[EventCountry "GER"]
[SourceTitle "EXT 2012"]
[Source "ChessBase"]
[SourceDate "2011.11.24"]
[SourceVersion "1"]
[SourceVersionDate "2011.11.24"]
[SourceQuality "1"]
[WhiteTeam "Aham"]
[BlackTeam "Geiselhoering"]
[WhiteTeamCountry "GER"]
[BlackTeamCountry "GER"]

1. e4 c5 2. Nf3 e6 3. g3 Nc6 4. Bg2 Nf6 5. d3 Be7 6. 0-0 h6 7. Nbd2 0-0 8. Re1 d6 9. Nf1 Qc7 10. h3 d5 11. Bf4 e5 12. Bd2 d4 13. g4 Nh7 14. Ng3 Be6 15. Nf5 Bf6 16. Qc1 Qd8 17. h4 Re8 18. g5 hxg5 19. hxg5 Be7 20. Kh2 g6 21. Nxe7+ Qxe7 22. Rh1 Bg4 23. Nh4 Kg7 24. Kg1 Rh8 25. f3 Bd7 26. f4 exf4 27. Bxf4 Nf8 28. Nf3 Rxh1+ 29. Bxh1 Bg4 30. Qd2 Nd7 31. Kf2 Rh8 32. Rg1 Qe6 33. Bg2 Qxa2 34. b3 a5 35. Re1 a4 36. bxa4 Qxa4 37. Rb1 b5 38. Bd6 b4 39. Qc1 Bxf3 40. Bxf3 Nce5 41. Be7 Rh2+ 42. Kg3 Qxc2 43. Qf1 Rh7 44. Bf6+ Kg8 0-1